000 00812nam a22002537a 4500
003 UA-OsUOA
001 50391
007 ta
008 20140605b un ||||| |||| 00| 0 ukr d
100 _aСідак В.
700 _aСтепанков В.
090 _a94(477)
_bС41
942 _cBK
040 _aUA-OsUOA
_bukr
_cUA-OsUOA
_dUA-OsUOA
245 _aЗ історії української розвідки та контррозвідки (нариси)
300 _a402 с.
955 _a1
041 _aukr
080 _a94(477)
260 _aК.
_bІнститут СБ України
_c1995
650 7 _a9 Географія. Біографії. Історія
_2UDC
999 _c430517
_d430517